000 00717nam a2200229 4500
003 OSt
005 20240605005742.0
006 a
008 240605b |||||||| |||| 00| 0 eng d
020 _a9710871447
040 _aDWCL-Main lib.
_cOC
082 _2fourth edition
_aFil. 370.1 B328f 2012
100 _aBauzon, Priscillano T.
245 _aFundamental philosophies of education /
250 _afourth edition
260 _aMandaluyong City, Phils. :
_bNational Book Store,
_cc2012.
300 _axvii,
_b223 pages : illustrations ;
_c22 cm.
504 _aIncludes bibliography.
650 _a1. Education–Philosophy.
700 _aPriscillano T. Bauzon
942 _2ddc
_n0
_cBK - FIL
_efourth edition
_kFil.
999 _c152
_d152